000 00671nam a22002417a 4500
001 78732
003 UA-OsUOA
005 20191224094118.0
007 ta
008 20111019b un ||||| |||| 00| 0 ukr d
040 _aUA-OsUOA
_brus
_cUA-OsUOA
_dUA-OsUOA
041 _arus
080 _a94(470)
090 _a94(470)
_bК28
100 _aКасвинов М.К.
245 _aДвадцать три ступени вниз
260 _aМ.
_bМысль
_c1987
300 _a459 с.
650 7 _a9 Географія. Біографії. Історія
_2UDC
942 _cBK
_2udc
955 _a3
999 _c365030
_d365030